173 - Né(es) un 22 juin. - Statistiques

Statistiques générales
  • Ce quiz a été pris 12 fois
  • Le résultat moyen est 5 sur 15
Statistiques - réponses
Hint Année de naissance Réponse % Correct
Animateur notamment de "L'École des fans". 1933 Jacques Martin
90%
Navigateur britannique dont une ville de l'Ouest du Canada porte son nom. 1757 George Vancouver
70%
Chanteur du groupe "Indochine". 1959 Nicola Sirkis|Nicolas Henri Didier Sirchis
70%
Actrice la plus nommée de l'histoire des Oscars du cinéma (21 nominations). En a remporté trois. 1949 Meryl Streep
60%
Réalisateur américain d'origine austro-hongroise, une des figures les plus importantes du cinéma américain du XXe siècle. Connu pour "Certains l'aiment chaud", "Stalag 17" et "Sabrina". 1906 Billy Wilder|Samuel Wilder
40%
Auteur du "Da Vinci Code" en 2003. 1964 Dan Brown|Daniel Gerhard Brown
40%
Chanteuse connue notamment pour la chanson "True Colors" et l'album "Memphis Blues". 1953 Cyndi Lauper|Cynthia Lauper
30%
Coureur cycliste français, professionnel de 2001 à 2017. Vélo d'or français en 2010, 2011 et 2012. 1979 Thomas Voeckler
30%
Chanteur britannique qui fut membre des groupes "Bronski Beat" et "The Communards" avant d'entamer une carrière solo. 1961 Jimmy Somerville|James Somerville
20%
Coureur cycliste allemand. Professionnel de 1998 à 2013. Champion d'Allemagne sur route en 2004. 1975 Andreas Klöden
10%
Président de 2001 à 2014 du Festival de Cannes. 1930 Gilles Jacob|Gilbert Jacob
10%
Gangster et braqueur de banques américain de la Grande Dépression. Il apparait dans un chanson de Serge Gainsbourg. 1903 John Dillinger
10%
Femme politique américaine, membre du Parti démocrate, sénatrice de la Californie de 1992 jusqu'à sa mort en 2023. 1933 Dianne Feinstein|Dianne Berman Feinstein|Dianne Emiel Goldman
0%
Actrice vue dans les films "Place Vendôme", "Le Scaphandre et le Papillon". 1966 Emmanuelle Seigner
0%
Philosophe prussien pionnier des sciences de l'éducation. Une université de Berlin porte son nom. 1767 Wilhelm von Humboldt|Friedrich Wilhelm Christian Karl Ferdinand Freiherr von Humboldt|Guillaume de Humboldt
0%
Aucun quiz correspondant
Distribution des résultats
% des personnes avec chaque résultat
Percentile par nombre de réponses
Votre historique - résultats
Vous n’avez pas pris ce quiz